Kaupunkien entiset nimet - Statistics

Yleistilastot
  • Tätä visaa on pelattu 122 kertaa
  • Keskiarvotulos 6 / 17
Vastaustilastot
Vihje Vastaus % Oikein
Leningrad Pietari
99%
Rääveli Tallinna
59%
Byzantion Istanbul
57%
Danzig Gdańsk
55%
Saigon Hồ Chí Minh
53%
Nieuw Amsterdam New York
53%
Edo Tokio
52%
Stalingrad Volgograd
43%
Tenochtitlán México
39%
Königsberg Kaliningrad
33%
Rangoon Yangon
27%
Malmhaugar Malmö
26%
Hanseong Soul
20%
Lutetia Pariisi
18%
Chang'an Xi’an
3%
Karlsbad Karlovy Vary
2%
Marburg Maribor
0%
Ehtoja vastaavia visoja ei löytynyt
Tulosjakauma
Jokaisen tuloksen saaneiden osuus
Persentiili vastausten määrän mukaan
Tuloshistoriasi
Et ole pelannut tätä visaa